Routledge research companion to nineteenth-century british literature and science (Record no. 969217)

MARC details
000 -LEADER
fixed length control field 00887nam a2200277Ia 4500
003 - CONTROL NUMBER IDENTIFIER
control field OSt
005 - DATE AND TIME OF LATEST TRANSACTION
control field 20221005062134.0
008 - FIXED-LENGTH DATA ELEMENTS--GENERAL INFORMATION
fixed length control field 221004b |||||||| |||| 00| 0 eng d
020 ## - INTERNATIONAL STANDARD BOOK NUMBER
International Standard Book Number 9781472429872 (hbk)
037 ## - SOURCE OF ACQUISITION
Terms of availability Textual
040 ## - CATALOGING SOURCE
Original cataloging agency CRL
Transcribing agency CRL
Language of cataloging eng
041 ## - LANGUAGE CODE
Source of code eng
Language code of text/sound track or separate title eng
100 ## - MAIN ENTRY--PERSONAL NAME
Personal name Holmes John Ed.
245 #0 - TITLE STATEMENT
Title Routledge research companion to nineteenth-century british literature and science
260 ## - PUBLICATION, DISTRIBUTION, ETC.
Place of publication, distribution, etc. London
Name of publisher, distributor, etc. Routledge UK
Date of publication, distribution, etc. 2017
300 ## - PHYSICAL DESCRIPTION
Extent xii,465p.
Dimensions cm.
650 ## - SUBJECT ADDED ENTRY--TOPICAL TERM
Topical term or geographic name entry element SCIENCE
650 ## - SUBJECT ADDED ENTRY--TOPICAL TERM
Topical term or geographic name entry element ENGLISH LITERATURE
700 ## - ADDED ENTRY--PERSONAL NAME
Personal name Ruston Sharon Ed.
942 ## - ADDED ENTRY ELEMENTS (KOHA)
Classification part O1110aA, Q7
Koha item type Textual
Source of classification or shelving scheme
Holdings
Withdrawn status Lost status Damaged status Not for loan Home library Current library Date acquired Source of acquisition Total Checkouts Full call number Barcode Date last seen Price effective from Koha item type
        Central Library Central Library 2022-10-05 BBS/22, 15/09/2017, Better Book Service   O1110aA Q7 CL1648307 2022-10-05 2022-10-05 Textual
Copyright @ Delhi University Library System